Condiciones óptimas de germinación de dos especies de la familia de leguminosas

Enregistré dans:
Détails bibliographiques
Auteur principal: Wilson S., Pamela (Auteur)
Format: Livre
Langue:espagnol
Publié: Valparaíso Universidad Católica de Valparaíso 1995
Sujets:
Tags: Ajouter un tag
Pas de tags, Soyez le premier à ajouter un tag!

MARC

LEADER 00000nam a2200000 a 4500
001 UCP7174
003 CL-VaPUC
008 991203e19950000CL |||||||||||||||||spa|d
082 0 4 |a 519.5  |b WIL  |2 21 
100 0 |a Wilson S., Pamela  |e author  |9 436602 
245 1 0 |a Condiciones óptimas de germinación de dos especies de la familia de leguminosas 
300 |a 56 h 
942 |c BK 
945 |d 19991203 00:00:00  |a rbrito 
260 |a Valparaíso  |b Universidad Católica de Valparaíso  |c 1995 
500 |a Taller de Estadística, prof. guía: Inés Guerrero Santana 
650 0 |a Análisis estadístico  |9 269506 
650 0 |a Estadística matemática  |9 260028 
650 0 |a Horticultura  |9 259721 
650 0 |a Germinación  |9 316434 
583 |a last modification  |c 20130403 01:35:54  |k Rodrigo Vera 
999 |c 284489  |d 284487 
952 |0 0  |1 0  |2 ddc  |4 0  |6 519_500000000000000_WIL_1995  |7 0  |8 T  |9 328552  |a BIBGIM  |b BIBGIM  |d 2019-11-20  |i 3572919  |o 519.5 WIL 1995  |p 3572919  |r 2019-11-20  |w 2019-11-20  |y BK_F  |k EST